|
|
|
|
| LEADER |
00000nam0a2200000 4500 |
| 001 |
333943 |
| 005 |
20231102004615.0 |
| 020 |
|
|
|a RU
|b 83-31271
|
| 035 |
|
|
|a (RuTPU)RU\TPU\book\359959
|
| 035 |
|
|
|a RU\TPU\book\359958
|
| 090 |
|
|
|a 333943
|
| 100 |
|
|
|a 20170705d1980 k y0rusy5003 ca
|
| 101 |
0 |
|
|a rus
|
| 102 |
|
|
|a RU
|
| 105 |
|
|
|a a z 001zy
|
| 200 |
1 |
|
|a Термодинамика и строение растворов
|e межвузовский сборник научных трудов
|f Ивановский химико-технологический институт ; под ред. Г. А. Крестова
|
| 210 |
|
|
|a Иваново
|c Изд-во ИХТИ
|d 1980
|
| 215 |
|
|
|a 105 с.
|c ил.
|
| 320 |
|
|
|a Библиография в конце статей
|
| 606 |
1 |
|
|a Растворы
|x Термодинамика
|2 stltpush
|3 (RuTPU)RU\TPU\subj\23888
|9 48390
|
| 610 |
1 |
|
|a строение
|
| 610 |
1 |
|
|a водные растворы
|
| 610 |
1 |
|
|a диэлектрические свойства
|
| 610 |
1 |
|
|a электролиты
|
| 610 |
1 |
|
|a диэлектрическая проницаемость
|
| 610 |
1 |
|
|a электропроводность
|
| 610 |
1 |
|
|a вязкое течение
|
| 610 |
1 |
|
|a адиабатическая сжимаемость
|
| 610 |
1 |
|
|a концентрация
|
| 610 |
1 |
|
|a растворение
|
| 610 |
1 |
|
|a энтропия
|
| 610 |
1 |
|
|a пересыщенность
|
| 610 |
1 |
|
|a растворители
|
| 675 |
|
|
|a 544.35.03
|z rus
|v 3
|
| 702 |
|
1 |
|a Крестов
|b Г. А.
|g Геннадий Алексеевич
|4 340
|
| 712 |
0 |
2 |
|a Ивановский химико-технологический институт
|2 stltpush
|3 (RuTPU)RU\TPU\col\7666
|9 24360
|
| 801 |
|
0 |
|a RU
|b 63413507
|c 19950704
|g psbo
|
| 801 |
|
1 |
|a RU
|b 63413507
|c 20150729
|
| 801 |
|
2 |
|a RU
|b 63413507
|c 20190909
|g RCR
|
| 942 |
|
|
|c BK
|